Marcatori della Fiorentina in UEFA Europa League 2016-2017 - Statistics

Statistiche generali
  • Questo quiz è stato fatto 5 volte
  • Il punteggio medio è 15 su 18
Statistiche sulle risposte
Partita Minuto Marcatore % Corretto
Fiorentina - Borussia Mönchengladbach 2-4 29' Borja Valero
100%
Fiorentina - PAOK 2-3 33' Federico Bernardeschi
100%
Borussia Mönchengladbach - Fiorentina 0-1 44' Federico Bernardeschi
100%
Fiorentina - Qarabağ 5-1 39' Khouma El Babacar
100%
Fiorentina - Qarabağ 5-1 47' Khouma El Babacar
100%
Slovan Liberec - Fiorentina 1-3 70' Khouma El Babacar
100%
Fiorentina - PAOK 2-3 50' Khouma El Babacar
100%
Fiorentina - Qarabağ 5-1 43' Nikola Kalinić
100%
Slovan Liberec - Fiorentina 1-3 8' Nikola Kalinić
100%
Slovan Liberec - Fiorentina 1-3 23' Nikola Kalinić
100%
Fiorentina - Slovan Liberec 3-0 42' Nikola Kalinić
100%
Fiorentina - Borussia Mönchengladbach 2-4 16' Nikola Kalinić
100%
Qarabağ - Fiorentina 1-2 76' Federico Chiesa
75%
Fiorentina - Slovan Liberec 3-0 30' Josip Iličić
50%
Qarabağ - Fiorentina 1-2 60' Matías Vecino
50%
Fiorentina - Qarabağ 5-1 63' Mauro Zárate
50%
Fiorentina - Qarabağ 5-1 78' Mauro Zárate
50%
Fiorentina - Slovan Liberec 3-0 73' Sebastián Cristóforo
25%
Nessun quiz corrispondente trovato
Distribuzione punteggi
Percentuale di utenti per punteggio
Percentile per numero di risposta
I tuoi punteggi nel tempo
Non hai fatto questo quiz